|
|
|
|
| LEADER |
00000nam0a2200000 4500 |
| 001 |
370000 |
| 005 |
20231102012234.0 |
| 035 |
|
|
|a (RuTPU)RU\TPU\retro\27408
|
| 090 |
|
|
|a 370000
|
| 100 |
|
|
|a 20220615d1980 km y0rusy50 ca
|
| 101 |
0 |
|
|a eng
|a rus
|
| 102 |
|
|
|a RU
|
| 105 |
|
|
|a y e 000zy
|
| 200 |
1 |
|
|a Великобритания
|e лингвострановедческий словарь
|e 9500 единиц
|f под ред. Е. Ф. Рогова
|
| 205 |
|
|
|a 2-е изд., стер.
|
| 210 |
|
|
|a Москва
|c Русский язык
|d 1978
|
| 215 |
|
|
|a 480 с.
|
| 606 |
1 |
|
|a Английский язык
|x Другие типы словарей
|2 stltpush
|3 (RuTPU)RU\TPU\subj\29065
|9 52477
|
| 610 |
1 |
|
|a лексика
|
| 610 |
1 |
|
|a термины
|
| 610 |
1 |
|
|a словосочетания
|
| 610 |
1 |
|
|a страноведение
|
| 610 |
1 |
|
|a Великобритания
|
| 686 |
|
|
|a Ш143.21-49
|v LBC/SL-A
|2 rubbk
|
| 702 |
|
1 |
|a Рогов
|b Е. Ф.
|4 340
|
| 801 |
|
1 |
|a RU
|b 63413507
|c 20220615
|
| 942 |
|
|
|c BK
|